Welcome to University of Cape Coast Library, Online Public Access Catalogue (OPAC)

International trade : (Record no. 53418)

MARC details
000 -LEADER
fixed length control field 07124cam a2200853 i 4500
001 - CONTROL NUMBER
control field on1157770347
003 - CONTROL NUMBER IDENTIFIER
control field OCoLC
005 - DATE AND TIME OF LATEST TRANSACTION
control field 20260212095208.0
006 - FIXED-LENGTH DATA ELEMENTS--ADDITIONAL MATERIAL CHARACTERISTICS
fixed length control field m o d
007 - PHYSICAL DESCRIPTION FIXED FIELD--GENERAL INFORMATION
fixed length control field cr |||||||||||
008 - FIXED-LENGTH DATA ELEMENTS--GENERAL INFORMATION
fixed length control field 200604s2020 nyu ob 001 0 eng
010 ## - LIBRARY OF CONGRESS CONTROL NUMBER
LC control number 2020022670
020 ## - INTERNATIONAL STANDARD BOOK NUMBER
International Standard Book Number 0190900482
Qualifying information (electronic book)
020 ## - INTERNATIONAL STANDARD BOOK NUMBER
International Standard Book Number 9780190900472
Qualifying information (electronic book)
020 ## - INTERNATIONAL STANDARD BOOK NUMBER
International Standard Book Number 0190900474
Qualifying information (electronic book)
020 ## - INTERNATIONAL STANDARD BOOK NUMBER
International Standard Book Number 9780190900489
Qualifying information (electronic bk.)
020 ## - INTERNATIONAL STANDARD BOOK NUMBER
Canceled/invalid ISBN 9780190900465
Qualifying information (hardcover)
020 ## - INTERNATIONAL STANDARD BOOK NUMBER
Canceled/invalid ISBN 9780190900458
Qualifying information (paperback)
029 1# - OTHER SYSTEM CONTROL NUMBER (OCLC)
OCLC library identifier CHVBK
System control number 599982888
029 1# - OTHER SYSTEM CONTROL NUMBER (OCLC)
OCLC library identifier CHDSB
System control number 007217207
029 1# - OTHER SYSTEM CONTROL NUMBER (OCLC)
OCLC library identifier AU@
System control number 000076396431
035 ## - SYSTEM CONTROL NUMBER
System control number (OCoLC)1157770347
Canceled/invalid control number (OCoLC)1192310290
-- (OCoLC)1193150823
-- (OCoLC)1316264653
-- (OCoLC)1492348493
037 ## - SOURCE OF ACQUISITION
Stock number 6320148
Source of stock number/acquisition Proquest Ebook Central
037 ## - SOURCE OF ACQUISITION
Stock number C18E5561-E25B-4B5E-A24F-D6BDE333512A
Source of stock number/acquisition OverDrive, Inc.
Note http://www.overdrive.com
040 ## - CATALOGING SOURCE
Original cataloging agency DLC
Language of cataloging eng
Description conventions rda
-- pn
Transcribing agency DLC
Modifying agency OCLCO
-- YDX
-- N$T
-- EBLCP
-- UAB
-- OCLCF
-- WAU
-- OCLCO
-- TEFOD
-- OCLCQ
-- OCLCO
-- OCLCL
-- OCLCQ
-- CLOUD
-- OCLCO
-- OCLCQ
-- OCLCL
-- AMH
-- Q2U
-- OCLCQ
042 ## - AUTHENTICATION CODE
Authentication code pcc
050 04 - LIBRARY OF CONGRESS CALL NUMBER
Classification number HF1379
Item number .K778 2020
072 #7 - SUBJECT CATEGORY CODE
Subject category code BUS035000
Source bisacsh
072 #7 - SUBJECT CATEGORY CODE
Subject category code BUS000000
Source bisacsh
072 #7 - SUBJECT CATEGORY CODE
Subject category code BUS036070
Source bisacsh
072 #7 - SUBJECT CATEGORY CODE
Subject category code BUS036000
Source bisacsh
072 #7 - SUBJECT CATEGORY CODE
Subject category code BUS090030
Source bisacsh
072 #7 - SUBJECT CATEGORY CODE
Subject category code BUS090000
Source bisacsh
072 #7 - SUBJECT CATEGORY CODE
Subject category code LAW014010
Source bisacsh
072 #7 - SUBJECT CATEGORY CODE
Subject category code LAW014000
Source bisacsh
072 #7 - SUBJECT CATEGORY CODE
Subject category code LAW000000
Source bisacsh
082 00 - DEWEY DECIMAL CLASSIFICATION NUMBER
Classification number 382
Edition number 23
100 1# - MAIN ENTRY--PERSONAL NAME
Personal name Krueger, Anne O.,
Relator term author.
Real World Object URI https://id.oclc.org/worldcat/entity/E39PBJrWDQjDcD4hGRbXcCq84q
9 (RLIN) 53495
245 10 - TITLE STATEMENT
Title International trade :
Remainder of title what everyone needs to know� /
Statement of responsibility, etc. Anne Krueger.
264 #1 - PRODUCTION, PUBLICATION, DISTRIBUTION, MANUFACTURE, AND COPYRIGHT NOTICE
Place of production, publication, distribution, manufacture New York, NY :
Name of producer, publisher, distributor, manufacturer Oxford University Press,
Date of production, publication, distribution, manufacture, or copyright notice [2020]
300 ## - PHYSICAL DESCRIPTION
Extent 1 online resource (xxi, 345 pages)
336 ## - CONTENT TYPE
Content type term text
Content type code txt
Source rdacontent
337 ## - MEDIA TYPE
Media type term computer
Media type code c
Source rdamedia
338 ## - CARRIER TYPE
Carrier type term online resource
Carrier type code cr
Source rdacarrier
490 1# - SERIES STATEMENT
Series statement What everyone needs to know
504 ## - BIBLIOGRAPHY, ETC. NOTE
Bibliography, etc. note Includes bibliographical references and index.
505 0# - FORMATTED CONTENTS NOTE
Formatted contents note Preface -- 1. Foreign Trade in World History -- What is the early history of global trade and growth? -- How did views on trade and policy change? -- How did the modern trading system start? -- What happened to trade and growth after the Second World War? -- What provision was made for preferential trading arrangements? -- What changed in the 1970s? -- What changed for the developing countries? -- What happened in the 1990s? -- What about the failure of the Doha Round? -- How are trade and economic growth linked? -- What structural changes and challenges does the global economy face today? -- 2. Trade Policy
505 8# - FORMATTED CONTENTS NOTE
Formatted contents note Why are special policies needed for trade? -- Why aren't domestic laws enough? -- Why is a level playing field needed? -- Why are the issues multilateral? -- What about trade in services? -- How do domestic and trade policies interact? -- Is there consensus on reasons for protection? -- How do politics of trade differ from other economic issues? -- 3. How Much and What Does the US Trade? -- Why don't numbers tell the whole story? -- But what do US trade statistics show? -- The components of American foreign trade -- How does the US compare with other countries? -- What services are most heavily traded? -- 4. The Case for Free Trade
505 8# - FORMATTED CONTENTS NOTE
Formatted contents note Why do economists support free trade? -- What is comparative advantage? -- What are the objections to comparative advantage? -- What are dynamic arguments for free trade? -- 5. What's Wrong with Protection? -- What is protection? -- What kinds of protection are there? -- What about measures other than tariffs and QRs? -- What are the effects of protection? -- How do effects of QRs differ from those of tariffs? -- Are there other real-​world difficulties with tariffs? -- What are US tariff rates? -- 6. Do Trade Deficits Matter? -- What determines a country's current account balance? -- What is a current account deficit?
505 8# - FORMATTED CONTENTS NOTE
Formatted contents note How do deficits relate to a country's macroeconomy? -- What is the role of the exchange rate? -- What about bilateral balances? -- 7. Does Trade Hurt American Jobs? -- What are the determinants of aggregate employment? -- How does a tariff affect employment in the protected industry? -- What do tariffs do to employment and output in other industries? -- What do labor standards achieve? -- 8. What About Currency Manipulation? -- What is the exchange rate and what does it have to do with trade? -- What is currency manipulation? -- Why and when does the US Treasury designate a country a currency manipulator?
520 ## - SUMMARY, ETC.
Summary, etc. "In all countries, there are laws and regulations affecting private economic activity. They are necessary to enable private economic activity to thrive, as well as to provide for honesty in information), consumer protection, and much more. Laws and regulations, such as safety standards, quality grades, and health and food (phytosanitary) standards generally apply to much economic activity within a country. In very primitive societies when farming or hunting was almost all economic activity, such measures were much less necessary. But as exchanges and trading increased, the need to find ways to support transactions became essential in order to enable parties to agree on even such things as simple weights and measures. Until there was a commercial code (legal framework), most businesses were owned primarily by family members who could trust each other. The commercial codes covered such phenomena as penalties against breach of contract, standards and assurances as to the quality and ingredients of goods being contracted, and penalties for their infringement, and so on. Note that even a rudimentary contract would likely have needed an understanding as to weights and measures, definition of materials, and much more"--
Assigning source Provided by publisher.
588 ## - SOURCE OF DESCRIPTION NOTE
Source of description note Description based on online resource; title from PDF title page (Ebook Central, viewed September 03, 2020).
650 #0 - SUBJECT ADDED ENTRY--TOPICAL TERM
Topical term or geographic name entry element International trade
General subdivision History.
9 (RLIN) 53496
650 #6 - SUBJECT ADDED ENTRY--TOPICAL TERM
Topical term or geographic name entry element Commerce international
General subdivision Histoire.
9 (RLIN) 53497
650 #7 - SUBJECT ADDED ENTRY--TOPICAL TERM
Topical term or geographic name entry element International.
Source of heading or term bisacsh
650 #7 - SUBJECT ADDED ENTRY--TOPICAL TERM
Topical term or geographic name entry element BUSINESS & ECONOMICS.
Source of heading or term bisacsh
9 (RLIN) 15624
650 #7 - SUBJECT ADDED ENTRY--TOPICAL TERM
Topical term or geographic name entry element Analysis & Trading Strategies.
Source of heading or term bisacsh
9 (RLIN) 53498
650 #7 - SUBJECT ADDED ENTRY--TOPICAL TERM
Topical term or geographic name entry element Investments & Securities.
Source of heading or term bisacsh
9 (RLIN) 53499
650 #7 - SUBJECT ADDED ENTRY--TOPICAL TERM
Topical term or geographic name entry element Online Trading.
Source of heading or term bisacsh
9 (RLIN) 53500
650 #7 - SUBJECT ADDED ENTRY--TOPICAL TERM
Topical term or geographic name entry element Electronic Commerce)
Source of heading or term bisacsh
9 (RLIN) 18402
650 #7 - SUBJECT ADDED ENTRY--TOPICAL TERM
Topical term or geographic name entry element International Trade.
Source of heading or term bisacsh
9 (RLIN) 9266
650 #7 - SUBJECT ADDED ENTRY--TOPICAL TERM
Topical term or geographic name entry element Commercial.
Source of heading or term bisacsh
9 (RLIN) 53501
650 #7 - SUBJECT ADDED ENTRY--TOPICAL TERM
Topical term or geographic name entry element LAW.
Source of heading or term bisacsh
9 (RLIN) 914
650 #7 - SUBJECT ADDED ENTRY--TOPICAL TERM
Topical term or geographic name entry element International trade
Source of heading or term fast
9 (RLIN) 9266
655 #0 - INDEX TERM--GENRE/FORM
Genre/form data or focus term Electronic books.
9 (RLIN) 915
655 #7 - INDEX TERM--GENRE/FORM
Genre/form data or focus term History
Source of term fast
9 (RLIN) 216
776 08 - ADDITIONAL PHYSICAL FORM ENTRY
Relationship information Print version:
Main entry heading Krueger, Anne O.
Title International trade.
Place, publisher, and date of publication New York, NY : Oxford University Press, [2020]
International Standard Book Number 9780190900465
Record control number (DLC) 2020022669
-- (OCoLC)1157349841
776 1# - ADDITIONAL PHYSICAL FORM ENTRY
International Standard Book Number 9780190900465
776 1# - ADDITIONAL PHYSICAL FORM ENTRY
International Standard Book Number 9780190900458
830 #0 - SERIES ADDED ENTRY--UNIFORM TITLE
Uniform title What everyone needs to know.
9 (RLIN) 35561
856 40 - ELECTRONIC LOCATION AND ACCESS
Uniform Resource Identifier <a href="https://koha.ucc.edu.gh/cgi-bin/koha/opac-retrieve-file.pl?id=f1f2404214827983602810606628aa9e">https://koha.ucc.edu.gh/cgi-bin/koha/opac-retrieve-file.pl?id=f1f2404214827983602810606628aa9e</a>
942 ## - ADDED ENTRY ELEMENTS (KOHA)
Source of classification or shelving scheme Library of Congress Classification
Koha item type Ebook
948 ## - LOCAL PROCESSING INFORMATION (OCLC); SERIES PART DESIGNATOR (RLIN)
h (OCLC) NO HOLDINGS IN GHUCC - 97 OTHER HOLDINGS

No items available.

Koha©2022 UCC.All Right Reserved.Site Developed by Sam Jonah Library IT Team
<Home | Contact | Library publications |Research Tools | Research Guides |https://ucclivechat.library-gh.net/index.php/chat

If you have questions or concern please contact the Library.



PMB, University of Cape Coast

KOHA HOME